LEADER 01113cam0 2200325 450 001 000004277 005 20090317122109.0 010 $a88-15-07870-3 100 $a20021028d2001----km-y0itay50------ba 101 1 $aita$ceng 102 $aIT 105 $aa-------001yy 200 1 $a<>regioni nell'economia mondiale$eproduzione, competizione e politica nell'era della globalizzazione$fAllen J. Scott 210 $aBologna$cIl Mulino$dc2001 215 $a202 p.$cgraf. e tab.$d22 cm 225 2 $aSaggi$v536 300 $aTraduzione di Simona Fabrizi 410 0$12001$aSaggi 500 10$aRegions and the world economy$m$914832 610 1 $aTassazione, entrate, sussidi nazionali 610 1 $aIndustria$aLocalizzazione 610 1 $aEconomia mondiale 676 $a330.9$v21$9Situazioni e condizioni economiche 676 $a337$v21$9Economia internazionale 700 1$aScott,$bAllen J.$035255 801 0$aIT$bUNIPARTHENOPE$gRICA$2UNIMARC 912 $a000004277 951 $a423/54.$b9860$cNAVA2$d20021028 996 $aRegions and the world economy$914832 997 $aUNIPARTHENOPE LEADER 00964cam0 22002531 450 001 SOBE00020830 005 20111219090838.0 100 $a20111219h2003 |||||ita|0103 ba 101 $aita 102 $aIT 200 1 $aSocialità e persona nel pensiero antico$euna lettura sociologica del De officiis di Marco Tullio Cicerone$fTito Marci 210 $aRoma$cGangemi$d[2003?] 215 $a97-103 p.$d29 cm 300 $aEstratto da : Sociologia, rivista quadrimestrale di scienze storiche e sociali, a.37, n.3 (2003) 700 1$aMarci$b, Tito$3SOBA00000065$4070$0290327 801 0$aIT$bUNISOB$c20111219$gRICA 850 $aUNISOB 852 $aUNISOB$j300|Opusc$m155161 912 $aSOBE00020830 940 $aM 102 Monografia moderna SBN 941 $aM 957 $a300|Opusc$b000061$gSI$d155161$rdono$1catenacci$2UNISOB$3UNISOB$420111219091013.0$520111219091041.0$6catenacci 996 $aSocialità e persona nel pensiero antico$91719844 997 $aUNISOB LEADER 04886nam 2200661 450 001 9910464800903321 005 20200520144314.0 010 $a3-03821-667-4 010 $a3-03821-178-8 024 7 $a10.1515/9783038211785 035 $a(CKB)3460000000133023 035 $a(EBL)1433430 035 $a(SSID)ssj0001432118 035 $a(PQKBManifestationID)11818391 035 $a(PQKBTitleCode)TC0001432118 035 $a(PQKBWorkID)11408132 035 $a(PQKB)11100613 035 $a(MiAaPQ)EBC1433430 035 $a(DE-B1597)246527 035 $a(OCoLC)885338080 035 $a(OCoLC)953295004 035 $a(DE-B1597)9783038211785 035 $a(Au-PeEL)EBL1433430 035 $a(CaPaEBR)ebr11006322 035 $a(CaONFJC)MIL808871 035 $a(EXLCZ)993460000000133023 100 $a20141103h20142014 uy| 0 101 0 $aeng 135 $aur|n|---||||| 181 $ctxt 182 $cc 183 $acr 200 10$aArchitectural atmospheres $eon the experience and politics of architecture /$fwith texts by Gernot Bo?hme [and three others] ; Christian Borch (ed.) 210 1$aBasel :$cBirkha?user,$d[2014] 210 4$d©2014 215 $a1 online resource (112 p.) 300 $aDescription based upon print version of record. 311 $a3-03821-512-0 320 $aIncludes bibliographical references and index. 327 $aIntroduction : Why atmospheres? / Christian Borch -- Space, place, and atmosphere : peripheral perception in existential experience / Juhani Pallasmaa -- Urban atmospheres : charting new directions for architecture and urban planning / Gernot Bo?hme -- The politics of atmospheres : architecture, power, and the senses / Christian Borch -- Atmospheres, art, architecture : a conversation between Gernot Bo?hme, Christian Borch, Olafur Eliasson, and Juhani Pallasmaa. 330 $aArchitecture is increasingly understood to be a sensual, spatial experience, which means that the experience of buildings and spatial constellations is also a perception of atmospheres that are rated as positive or negative. Architects, planners, investors, and politicians must produce effects such as these according to intersubjective and communicable criteria, and not intuitively or randomly.Architectural Atmospheres addresses the growing awareness of the atmospheric dimension of architecture and provides a current, programmatic discussion of this topic. What possibilities does this approach open to architecture, what value does this knowledge have? Three essays and a conversation lead a cross-discipline discussion on the impact of architecture, and contribute to the debate first initiated by Peter Zumthor. The texts are accompanied by thirty-five color images that capture architectural moods in a variety of ways.Gernot Böhme is Professor Emeritus of Philosophy at Darmstadt Technical University and Director of the Institute for Practical Philosophy, e.V., Ipph, in Darmstadt, Germany.Christian Borch is Professor of Political Sociology at the Department of Management, Politics, and Philosophy, Copenhagen Business School, Denmark.Olafur Eliasson is a Danish-Icelandic artist. Eliasson incessantly explores our modes of perceiving. His work spans photography, installation, sculpture, and film.Juhani Pallasmaa is one of Finland's most distinguished architects and architectural thinkers. 330 $aArchitektur wird vermehrt als ein sinnlicher Erfahrungsraum verstanden. So ist das Erleben von Bauten und Raumkonstellationen immer auch ein Wahrnehmen von positiv oder negativ gewerteten Atmosphären. Architekten, Planer, Investoren und Politiker sind darauf angewiesen, solche Wirkungen nicht intuitiv oder zufällig, sondern nach intersubjektiven und kommunizierbaren Kriterien zu erzeugen.Architectural Atmospheres greift das wachsende Bewusstsein für die atmosphärische Dimension der Architektur auf und liefert eine aktuelle, programmatische Auseinandersetzung mit diesem Themenfeld. Welche Möglichkeiten eröffnet dieser Zugang zur Architektur, wo liegt sein Erkenntniswert? Drei Essays und ein Gespräch verhandeln fächerübergreifend die Wirkungsmacht der Architektur und regen zu einer Fortsetzung der von Peter Zumthor initiierten Debatte an. Die Texte werden von rund 35 farbigen Abbildungen begleitet, die in vielfältiger Weise architektonische Stimmungen auffangen. 606 $aArchitecture 606 $aArchitecture$xPolitical aspects 608 $aElectronic books. 615 0$aArchitecture. 615 0$aArchitecture$xPolitical aspects. 676 $a720 686 $aLH 67100$2rvk 700 $aBo?hme$b Gernot$0386480 702 $aBorch$b Christian 801 0$bMiAaPQ 801 1$bMiAaPQ 801 2$bMiAaPQ 906 $aBOOK 912 $a9910464800903321 996 $aArchitectural atmospheres$92445215 997 $aUNINA